000 00301nam a22001457a 4500
008 230524b ||||| |||| 00| 0 eng d
020 _a9782253051206
041 _aFRA
080 _a82
082 _a82MAA
100 _a38
101 _aGJL
245 _aSAMARACANDE
_cMAALOUF.A
942 _2udc
_cBK
999 _c59844
_d59844